| 000 | 00592nam a22002177a 4500 | ||
|---|---|---|---|
| 003 | OSt | ||
| 005 | 20170322194711.0 | ||
| 008 | 170322b xxu||||| |||| 00| 0 eng d | ||
| 020 | _a9781609139988 | ||
| 020 | _a1609139984 | ||
| 040 | _cDMLN | ||
| 082 | _aQU21 R771b 2011 | ||
| 100 |
_aHarvey, Richard A.; Ferrier, Denise R. _911926 |
||
| 245 | _aLippincott's Illustrated review:Biochemistry | ||
| 250 | _a5th ed. | ||
| 260 | _aPhiladelphia; Wolters Kluwer, 2011 | ||
| 300 | _a520p; col.ill: 28cm | ||
| 504 | _aIndex included | ||
| 650 |
_aMCQs Biochemistry _911927 |
||
| 942 |
_2z _cSLOAN |
||
| 999 |
_c5730 _d5730 |
||